00527nam a2200193 a 4500001001300000003000900013005001700022008004100039020001000080082001800090100002400108245003600132260005400168300000900222500003500231505002800266650001500294700002400309nice12345678IN_TiNIC20260116011752.0050524s1935 pesa grp 000 0 per  ac10000a297.86bAHM21 aAhmad, Mirza Ghulam aInsan-I-Kamilb Poem in Persian aPeshawar.bIsshat Sadr Anjuman-E-Ahmadliyyac1935 a16p. aincludes index and biblioraphy2 aHand Written Manuscript aAhmadiyyah1 aAhmad, Mirza Ghulam